[Event "BL9697 (Women)"]
[Site "Germany"]
[Date "1997.??.??"]
[Round "?"]
[White "Fischdick, Gisela"]
[Black "Ankerst, Milka"]
[Result "1/2-1/2"]
[WhiteElo "2300"]
[BlackElo "2100"]

1.d4 Nf6 2.Bg5 d5 3.Bxf6 gxf6 4.Nf3 c6 5.e3 Bg7 6.c4 O-O 7.Nc3 e6 8.Be2 Nd7
9.O-O b6 10.cxd5 cxd5 11.a4 f5 12.Qb3 Nf6 13.Ne5 Ne4 14.Nxe4 fxe4 15.Rac1 Bd7
16.Nxd7 Qxd7 17.Bb5 Qe7 18.Rc2 a6 19.Be2 Qb7 20.Rfc1 Rfc8 21.Rxc8+ Rxc8 22.Rxc8+ Qxc8
23.Qxb6 Qc1+ 24.Bf1 Bf8 25.Qxa6 Qxb2 26.Qb5 Qxb5 27.axb5 Bb4 28.b6 Ba5 29.b7 Bc7
30.Bb5 Kf8 31.f3 exf3 32.gxf3 Ke7 33.f4 f6 34.Kg2 Bb8 35.Kf3 e5 36.Kg4 exd4
37.exd4 Ke6 38.Bd3 h5+ 39.Kxh5 Bxf4 40.h4 Kd7 41.Kg6 Kc7 42.h5 f5 43.Kxf5 Be3
44.Ke5 Kxb7 45.Kxd5 Kc7 46.Bb5 Kd8 47.Ke4 Bxd4 48.Kxd4 Ke7 49.h6 Kf7 50.Bd3 Kg8
51.Ke5 Kh8 52.Kf6 Kg8 53.Kg6 Kh8  1/2-1/2

[Event "Bundesliga 9798"]
[Site "Germany"]
[Date "1997.??.??"]
[Round "?.6"]
[White "Mirschinka, Dirk"]
[Black "Huebner, Robert"]
[Result "0-1"]
[WhiteElo "2260"]
[BlackElo "2580"]

1.d4 Nf6 2.Bg5 d5 3.Bxf6 exf6 4.e3 Bf5 5.Ne2 Bd6 6.Ng3 Bg6 7.Bd3 O-O 8.Nf5 Re8
9.Nxd6 Qxd6 10.Nc3 Nd7 11.O-O Nf8 12.Nb5 Qb6 13.a4 a5 14.Qd2 c6 15.Na3 Ne6
16.c4 Nc7 17.Bxg6 hxg6 18.Rfc1 f5 19.g3 g5 20.cxd5 Nxd5 21.Rc5 f4 22.Nc4 Qc7
23.exf4 b6 24.Rxd5 cxd5 25.Ne3 Qd8 26.fxg5 Qxg5 27.Qd3 Re4 28.Rd1 Rd8 29.Nc4 f6
30.Nxb6 Re6 31.Qb5 Rb8  0-1

[Event "Oberliga Nord N9798"]
[Site "Germany"]
[Date "1997.??.??"]
[Round "?"]
[White "Sell, Achim"]
[Black "Weyrich, Morten"]
[Result "1/2-1/2"]
[WhiteElo "2300"]
[BlackElo "2350"]

1.d4 d5 2.Bg5 Nf6 3.Bxf6 exf6 4.e3 Be6 5.Nd2 c6 6.Bd3 Bd6 7.Ne2 O-O 8.O-O Re8
9.c4 dxc4 10.Nxc4 Bc7 11.Qc2 g6 12.b4 Nd7 13.Rab1 Rc8 14.Rfc1 Bb8 15.Nd2 f5
16.Bc4 Nf6 17.Bxe6 Rxe6 18.g3 Qd7 19.Nb3 b6 20.Nd2 Ree8 21.Nf1 Ne4 22.Nc3 Ng5
23.h3 Nf3+ 24.Kg2 c5 25.bxc5 bxc5 26.Qa4 Qe7 27.Kxf3 cxd4 28.Qxd4 Be5 29.Nd5 Qe6
30.Qd3 Rcd8 31.Rd1 Rd6 32.Qb3 Red8 33.Nc3 Bxc3 34.Rxd6 Rxd6 35.Rc1 Qe4+ 36.Ke2 Qd3+
37.Kf3  1/2-1/2

[Event "Landesliga Nord 9697 Bayern"]
[Site "Germany"]
[Date "1997.??.??"]
[Round "?"]
[White "Polzer, Hans"]
[Black "Ittner, Hans"]
[Result "1-0"]
[WhiteElo "2050"]
[BlackElo "2055"]

1.d4 Nf6 2.Bg5 d5 3.e3 Nbd7 4.f4 Ne4 5.Bh4 Ndf6 6.Nd2 c6 7.Nxe4 Nxe4 8.Bd3 Qa5+
9.c3 Bf5 10.Ne2 e6 11.O-O Bd6 12.h3 h5 13.Qc2 Qc7 14.c4 Be7 15.Be1 Qd8 16.Nc3 Nd6
17.cxd5 cxd5 18.Bxf5 Nxf5 19.Bf2 O-O 20.e4 dxe4 21.Qxe4 Nd6 22.Qf3 g6 23.d5 Rc8
24.dxe6 fxe6 25.Rfe1 Kf7 26.Rad1 Qa5 27.Re5 Qa6 28.Rde1 Nc4 29.Rxe6 Bd6 30.Qd5 Kg7
31.Bd4+ Kh7 32.Re7+ Bxe7 33.Rxe7+  1-0

[Event "BL2-W9697"]
[Site "Germany"]
[Date "1997.??.??"]
[Round "?.8"]
[White "Ramlow, Marcus"]
[Black "Doering, Thomas"]
[Result "1/2-1/2"]
[WhiteElo "2170"]
[BlackElo "2210"]

1.d4 Nf6 2.Bg5 d5 3.Bxf6 exf6 4.e3 c5 5.c4 cxd4 6.Qxd4 Nc6 7.Qxd5 Qxd5 8.cxd5 Nb4
9.Na3 Nxd5 10.Bb5+ Bd7 11.O-O-O Nb6 12.Bxd7+ Nxd7 13.Nb5 Rc8+ 14.Kb1 Bc5
15.Ne2  1/2-1/2

[Event "Landesliga Sued 9697 Bayern"]
[Site "Germany"]
[Date "1997.??.??"]
[Round "?"]
[White "Haller, Christoph"]
[Black "Wehr, Stephan"]
[Result "1/2-1/2"]
[WhiteElo "2125"]
[BlackElo "2180"]

1.d4 d5 2.Bg5 Nf6 3.Bxf6 exf6 4.e3 Bf5 5.Bd3 Bxd3 6.Qxd3 c6 7.Ne2 Bd6 8.O-O O-O
9.Nd2 Nd7 10.c4 dxc4 11.Nxc4 Bc7 12.b4 a5 13.a3 axb4 14.axb4 Qe7 15.Qb3 f5
16.b5 Nf6 17.b6 Rxa1 18.Rxa1 Bb8 19.Nc3 Rd8 20.Ra5 f4 21.Ne5 fxe3 22.fxe3 Nd7
23.Nc4 Bxh2+ 24.Kxh2 Qh4+ 25.Kg1 Qe1+  1/2-1/2

[Event "Bundesliga 9697"]
[Site "Germany"]
[Date "1997.??.??"]
[Round "?.8"]
[White "Jugelt, Tobias"]
[Black "Kimpinsky, Frank"]
[Result "1-0"]
[WhiteElo "2375"]
[BlackElo "2270"]

1.d4 Nf6 2.Bg5 d5 3.Nd2 Nbd7 4.e3 e6 5.f4 h6 6.Bxf6 Qxf6 7.Qf3 g5 8.Ne2 Qg6
9.e4 dxe4 10.Nxe4 Bg7 11.O-O-O f5 12.N4c3 O-O 13.g3 a5 14.fxg5 hxg5 15.h4 c6
16.hxg5 Qxg5+ 17.Nf4 e5 18.Bc4+ Rf7 19.Bxf7+ Kxf7 20.Rh5 Qg4 21.Qxg4 fxg4
22.dxe5 Nxe5 23.Ne4  1-0

[Event "Oberliga Ost B9798"]
[Site "Germany"]
[Date "1997.??.??"]
[Round "?.1"]
[White "Vidoniak, Roman"]
[Black "Hess, Ralf"]
[Result "1-0"]
[WhiteElo "2415"]
[BlackElo "2360"]

1.d4 Nf6 2.Bg5 c5 3.d5 Qb6 4.Nc3 Qxb2 5.Bd2 Qb6 6.e4 d6 7.f4 Qd8 8.Nf3 Na6
9.e5 dxe5 10.Bb5+ Bd7 11.Bxa6 bxa6 12.fxe5 Ng4 13.h3 Nh6 14.O-O g6 15.Qe2 Bg7
16.Rad1 O-O 17.e6 Bc8 18.Bxh6 Bxh6 19.Ne5 fxe6 20.dxe6 Qe8 21.Nf7 Bg7 22.Rd8 Qxd8
23.Nxd8 Rxd8 24.Qe4 Rb8 25.Nd5 Rb7 26.Rf7 Rb1+ 27.Kh2 Bb7 28.Nxe7+ Kh8 29.Nxg6+ hxg6
30.Qh4+ Kg8 31.Qxd8+ Kh7 32.Qf6  1-0

[Event "Bundesliga 9798"]
[Site "Germany"]
[Date "1997.??.??"]
[Round "?.1"]
[White "Hodgson, Julian M"]
[Black "Gavrikov, Viktor"]
[Result "1/2-1/2"]
[WhiteElo "2590"]
[BlackElo "2575"]

1.d4 Nf6 2.Bg5 d5 3.e3 c6 4.Nd2 g6 5.Bxf6 exf6 6.h4 Bd6 7.c4 dxc4 8.Bxc4 Nd7
9.h5 Qe7 10.hxg6 fxg6 11.Qc2 f5 12.O-O-O Nb6 13.Ngf3 Be6 14.Ne5 Bxe5 15.dxe5 Rd8
16.Bxe6 Qxe6 17.Qb3 Qxe5 18.Rxh7 Qc5+ 19.Kb1 Rxh7 20.Qg8+ Qf8 21.Qxh7 Qf7
22.Qh8+ Ke7 23.Qe5+ Qe6 24.Qg7+  1/2-1/2

[Event "BL2-O9697"]
[Site "Germany"]
[Date "1997.??.??"]
[Round "?.3"]
[White "Kuraszkiewicz, Michael"]
[Black "Peters, Andreas"]
[Result "0-1"]
[WhiteElo "2300"]
[BlackElo "2315"]

1.d4 Nf6 2.Bg5 d5 3.Bxf6 gxf6 4.e3 Bf5 5.c4 c6 6.Nc3 e6 7.cxd5 cxd5 8.Qb3 Nd7
9.Rc1 Qa5 10.a3 Bd6 11.Ne2 Ke7 12.Ng3 Bg6 13.Bb5 Rad8 14.O-O a6 15.Be2 h5
16.Bf3 h4 17.Nge2 Bh5 18.Bxh5 Rxh5 19.Rc2 Rb8 20.e4 dxe4 21.Nxe4 Qd5 22.Qe3 h3
23.N2c3 Bxh2+ 24.Kxh2 hxg2+ 25.Kxg2 Rg8+ 26.Qg3 Qf5 27.Re1 Rxg3+ 28.fxg3 Qh3+
29.Kf3 Rf5+ 30.Ke3 Qh6+ 31.Kd3 Nb6 32.Rce2 Qg6 33.Kd2 Rf3 34.a4 Nc4+ 35.Kc1 f5
36.Nc5 b6 37.Nxa6 Qxg3 38.Nb5 Re3 39.Nb4 Qxe1+ 40.Rxe1 Rxe1+ 41.Kc2 f4  0-1

[Event "Bundesliga 9798"]
[Site "Germany"]
[Date "1997.??.??"]
[Round "?.4"]
[White "Gallagher, Joseph G"]
[Black "Unzicker, Wolfgang"]
[Result "0-1"]
[WhiteElo "2525"]
[BlackElo "2420"]

1.d4 Nf6 2.Bg5 d5 3.Bxf6 exf6 4.e3 Be6 5.Nd2 c5 6.dxc5 Bxc5 7.Nb3 Bb6 8.Nf3 Nc6
9.Nfd4 O-O 10.Be2 f5 11.a4 f4 12.Nxc6 bxc6 13.exf4 Qf6 14.a5 Bc7 15.g3 Qxb2
16.O-O Bd6 17.Nd4 Bh3 18.Nxc6 Bxf1 19.Bxf1 Rfc8 20.Rb1 Qc3 21.Nd4 Qxa5 22.Rb5 Qc7
23.Rxd5 Bc5 24.Nf5 Rd8 25.Qg4 Bf8 26.Bc4 Kh8 27.Ne3 Rxd5 28.Bxd5 Rd8 29.Qf5 Qd7
30.Qh5 Kg8 31.c4 g6 32.Qf3 Bg7 33.c5 Bd4 34.c6 Qd6 35.Nc4 Qxd5 36.c7 Bxf2+
37.Qxf2 Rc8  0-1

[Event "Landesliga Nord 9697 Bayern"]
[Site "Germany"]
[Date "1997.??.??"]
[Round "?"]
[White "Graef, Harald"]
[Black "Palek, Miroslav"]
[Result "1-0"]
[WhiteElo "2095"]
[BlackElo "2195"]

1.d4 Nf6 2.Bg5 c5 3.Nc3 cxd4 4.Qxd4 Nc6 5.Qh4 Qa5 6.O-O-O b5 7.Kb1 b4 8.Bxf6 gxf6
9.Nd5 Bg7 10.e4 d6 11.f4 Kf8 12.Nf3 f5 13.e5 Be6 14.Bc4 Qc5 15.Bb3 h6 16.exd6 exd6
17.Nf6 Rd8 18.Rhe1 d5 19.Nh5 Rc8 20.Nxg7 Kxg7 21.Ne5 Na5 22.Rd2 Nxb3 23.axb3 a5
24.Qf2 Qb5 25.Qd4 Kh7 26.Nd3 Rhg8 27.g3 Rc7 28.Rde2 Qc6 29.Ne5 Qa6 30.Qd3 Qxd3
31.Nxd3 h5 32.Ne5 d4 33.Rd1 Bd5 34.Rxd4 Be4 35.Rd7 Rgc8 36.Rxf7+ Kh6 37.Rxc7 Rxc7
38.Rd2 a4 39.bxa4 b3 40.Rd6+ Kh7 41.Rd7+ Rxd7 42.Nxd7 Bxc2+ 43.Kc1 h4 44.Kd2 hxg3
45.hxg3 Kg6 46.Kc3 Kh5 47.Ne5  1-0

[Event "Landesliga Nord 9697 Bayern"]
[Site "Germany"]
[Date "1997.??.??"]
[Round "?"]
[White "Augustin, Achim"]
[Black "Voelker, Sebastian"]
[Result "1/2-1/2"]
[WhiteElo "1930"]
[BlackElo "1970"]

1.d4 Nf6 2.Bg5 c5 3.Bxf6 gxf6 4.c3 Qb6 5.Qd2 e6 6.e3 Nc6 7.Bd3 h5 8.h4 cxd4
9.cxd4 d5 10.Nc3 Bd7 11.Nge2 O-O-O 12.O-O Be7 13.b4 Rdg8 14.Rfb1 f5 15.a4 Bxh4
16.a5 Qd8 17.b5 Bxf2+ 18.Kxf2 Qh4+ 19.g3 Qh2+ 20.Ke1  1/2-1/2

[Event "Landesliga Sued 9697 Bayern"]
[Site "Germany"]
[Date "1997.??.??"]
[Round "?"]
[White "Hahn, Christoph"]
[Black "Moser, Wolfgang"]
[Result "1/2-1/2"]
[WhiteElo "2095"]
[BlackElo "2090"]

1.d4 Nf6 2.Bg5 c5 3.Bxf6 exf6 4.Nc3 d5 5.Nf3 Be6 6.e3 Nc6 7.a3 cxd4 8.Nxd4 g6
9.Bb5 Qd6 10.Qf3 Bg7 11.Rd1 O-O 12.Nxe6 fxe6 13.h4 f5 14.h5 g5 15.h6 Bxc3+
16.bxc3 g4 17.Qe2 Qxa3 18.Qd2 Qe7 19.c4 Rad8 20.Rb1 dxc4 21.Qc3 Qf6 22.Qxc4 Ne5
23.Qb3 Rd6 24.Qa3 Rfd8 25.Be2 Rb6 26.Rxb6 axb6 27.Bd3 Nxd3+ 28.cxd3 Qe5 29.O-O g3
30.Qe7 gxf2+ 31.Rxf2 Ra8 32.Qg5+ Kf8 33.d4  1/2-1/2

[Event "NRW-Liga II 9697"]
[Site "Germany"]
[Date "1997.??.??"]
[Round "9.1"]
[White "Kishnev, Sergey"]
[Black "Sick, Oliver"]
[Result "1/2-1/2"]
[WhiteElo "2500"]
[BlackElo "2350"]

1.d4 Nf6 2.Bg5 c5 3.Bxf6 gxf6 4.d5 d6 5.c4 Bg7 6.Nc3 f5 7.Qc2 Qa5 8.e3 Nd7
9.Bd3 Ne5 10.Be2 b5 11.cxb5 a6 12.Nh3 Rb8 13.O-O axb5 14.b4 Qxb4 15.Nxb5 O-O
16.Rab1 Qa5 17.f4 Nd7 18.Nf2 Nf6 19.Nc3 Bd7 20.Bc4 Rb4 21.Qd3 Rfb8 22.Rb3 Rxb3
23.axb3 Ng4 24.Nfd1 Nxe3 25.Nxe3 Qxc3 26.Qe2 Qxe3+ 27.Qxe3 Bd4 28.Qxd4 cxd4
29.Rd1 e5 30.dxe6 fxe6 31.Rxd4 d5 32.Be2 Rxb3 33.g4 fxg4 34.Bxg4 Kf7 35.Kf2 Kf6
36.Rd2 h6 37.f5 exf5 38.Bf3 Bb5 39.Bxd5 Rd3 40.Rxd3 Bxd3 41.Ke3 Ke5 42.Bg8 Be4
43.Bb3 f4+ 44.Kf2 Kf5 45.Bc4 Kg4 46.Be6+ Bf5 47.Bd5 Bc8 48.Kg2 Ba6 49.Be6+ Kh4
50.Kf3 Kg5 51.Bd7 Bb7+ 52.Kf2 Be4 53.Bc8 Bf5 54.Bb7 Bg4 55.Kg2 Kf6 56.Kf2 Ke5
57.Bc6 Kf5  1/2-1/2

[Event "Karsten Kold op"]
[Site "Gistrup"]
[Date "1997.??.??"]
[Round "7"]
[White "Hansen, Sune Normann"]
[Black "Jensen, Bjarke"]
[Result "1/2-1/2"]
[WhiteElo "2150"]
[BlackElo "2110"]

1.d4 Nf6 2.Bg5 d5 3.Bxf6 gxf6 4.e3 Bf5 5.c4 e6 6.Nc3 c6 7.Rc1 Nd7 8.Nf3 Rg8
9.Nh4 Bg4 10.Qb3 f5 11.g3 Be7 12.Ng2 Bf3 13.Rg1 dxc4 14.Bxc4 Nb6 15.Be2 Bxe2
16.Kxe2  1/2-1/2

[Event "Dov Porath mem"]
[Site "Givatayim"]
[Date "1997.??.??"]
[Round "6"]
[White "Rabinovich, Alexander"]
[Black "Vovsha, Eli"]
[Result "1-0"]
[WhiteElo "2350"]
[BlackElo "2205"]

1.d4 Nf6 2.Bg5 c5 3.Nc3 Qb6 4.d5 Qxb2 5.Bd2 Qb6 6.e4 e5 7.f4 d6 8.Rb1 Qc7
9.Bb5+ Bd7 10.fxe5 dxe5 11.Nf3 a6 12.Bxd7+ Nbxd7 13.a4 Be7 14.O-O O-O 15.Nh4 g6
16.Bg5 Bd8 17.Bh6 Re8 18.Qf3 Kh8 19.g4 Ng8 20.Qxf7 Bf6 21.Nxg6+ hxg6 22.Qxg6 Nf8
23.Bxf8 Rxf8 24.Rf5 Rf7 25.d6 Qd7 26.Nd5 Raf8 27.Nb6 Rg7 28.Rh5+  1-0

[Event "Graz op"]
[Site "Graz"]
[Date "1997.??.??"]
[Round "5"]
[White "Senoner, Erich"]
[Black "Stanec, Nikolaus"]
[Result "0-1"]
[WhiteElo "2115"]
[BlackElo "2465"]

1.d4 Nf6 2.Bg5 g6 3.Nc3 d5 4.e4 Nxe4 5.Nxe4 dxe4 6.Qd2 Bg7 7.O-O-O h6 8.Be3 Nd7
9.Ne2 Nf6 10.Nc3 Bf5 11.h3 h5 12.d5 a6 13.Be2 Qd7 14.Kb1 h4 15.Rhe1 b5 16.a3 Rb8
17.Na2 c6 18.dxc6 Qxc6 19.Nb4 Qb7 20.Bf4 Rc8 21.a4 O-O 22.a5 Be6 23.Qe3 Nd5
24.Nxd5 Bxd5 25.Bh6 e6 26.Bxg7 Kxg7 27.g4 Qc7 28.Qd4+ Kg8 29.Rc1 Qxa5 30.b3 Rc3
31.Kb2 Rfc8 32.Bd1 Rxh3 33.Re3 Rxe3 34.fxe3 Qc7 35.g5 Qg3 36.Qf6 Qxe3 37.Bh5 b4
38.Kb1 Qc3 39.Qe7 Bxb3  0-1

[Event "Graz op"]
[Site "Graz"]
[Date "1997.??.??"]
[Round "7"]
[White "Senoner, Erich"]
[Black "Rigo, Janos"]
[Result "0-1"]
[WhiteElo "2115"]
[BlackElo "2325"]

1.d4 Nf6 2.Bg5 d5 3.Bxf6 gxf6 4.e3 e5 5.c4 c6 6.Nc3 Be6 7.Qb3 exd4 8.cxd5 dxc3
9.O-O-O cxb2+ 10.Kxb2 cxd5 11.Nf3 Nc6 12.Ka1 Qb6 13.Bb5 Bg7 14.Nd4 f5 15.h4 O-O
16.h5 Nxd4 17.exd4 Bxd4+ 18.Kb1 a6 19.Qg3+ Bg7 20.Rd3 h6 21.Qf4 Qxb5+ 22.Rb3 Qc4  0-1

[Event "Graz op"]
[Site "Graz"]
[Date "1997.??.??"]
[Round "7"]
[White "Bawart, Markus"]
[Black "Veerman, Johan"]
[Result "1-0"]
[WhiteElo "2325"]
[BlackElo "2195"]

1.d4 Nf6 2.Bg5 g6 3.Bxf6 exf6 4.g3 f5 5.Bg2 Bg7 6.e3 d6 7.Ne2 Nd7 8.c4 O-O
9.Nbc3 c6 10.O-O Re8 11.b4 Nf6 12.b5 Bd7 13.Rb1 Qa5 14.Qb3 Rac8 15.Qb4 Qxb4
16.Rxb4 cxb5 17.Nxb5 Bxb5 18.cxb5 Rc2 19.Nc1 Rec8 20.Bxb7 Rxc1 21.Bxc8 Rxc8
22.Ra4 Rc7 23.Ra6 Bf8 24.Rc6 Rb7 25.a4 Nd5 26.Rb1 Be7 27.a5 Kf8 28.b6 Ke8
29.a6 Rxb6 30.Rcxb6 axb6 31.a7 Nc7 32.Rc1  1-0

[Event "Hafnarfjordur"]
[Site "Hafnarfjordur"]
[Date "1997.??.??"]
[Round "3"]
[White "Kinsman, Andrew PH"]
[Black "Vidarsson, Jon G"]
[Result "0-1"]
[WhiteElo "2395"]
[BlackElo "2380"]

1.d4 Nf6 2.Bg5 d5 3.e3 Nbd7 4.c4 Ne4 5.Bh4 g5 6.Bg3 c6 7.cxd5 Qa5+ 8.Nc3 cxd5
9.Bd3 Nxc3 10.Qd2 e5 11.bxc3 e4 12.Bc2 Nb6 13.Bb3 Be6 14.Ne2 Rc8 15.Be5 Rg8
16.O-O Be7 17.f3 f6 18.Bg3 Nc4 19.Bxc4 Rxc4 20.Rab1 b6 21.Rb2 h5 22.fxe4 dxe4
23.h4 Qd5 24.Rf2 Kd7 25.hxg5 fxg5 26.Be5 h4 27.Qc2 b5 28.Qb1 a6 29.Rb3 Rgc8
30.Rf1 Bg4 31.Qb2 Rf8 32.Rxf8 Bxf8 33.Nc1 Be7 34.Qd2 a5 35.Rb1 a4 36.Qb2 b4
37.cxb4 Rxb4 38.Qc2 Qc6 39.Qxc6+ Kxc6 40.Rxb4 Bxb4 41.Kf2 Be7 42.Ne2 Bxe2
43.Kxe2 g4 44.Kd2 Kd5 45.Ke2 Bd8 46.Kd2 Kc4 47.Bd6 Bg5 48.Bf8 Bf4 49.Ke2 h3
50.gxh3 gxh3 51.Kf2 Bxe3+  0-1

[Event "Hafnarfjordur"]
[Site "Hafnarfjordur"]
[Date "1997.??.??"]
[Round "7"]
[White "Kinsman, Andrew PH"]
[Black "Hall, Jesper"]
[Result "1/2-1/2"]
[WhiteElo "2395"]
[BlackElo "2460"]

1.d4 Nf6 2.Bg5 c5 3.d5 Ne4 4.Bf4 Qb6 5.Bc1 f5 6.a4 e5 7.f3 Nf6 8.Nc3 d6 9.e4 Be7
10.Bb5+ Nbd7 11.exf5 O-O 12.Nh3 a6 13.Be2 Qb4 14.Ng5 Nh5 15.Ne4 Nf4 16.g4 Bh4+
17.Kf1 Qd4 18.Bxf4 exf4 19.Qxd4 cxd4 20.Nd1 Nf6 21.c4 Nxe4 22.fxe4 Re8 23.Bd3 f3
24.h3 Bd7 25.Rh2 Kf7 26.b4 Kf6 27.Bc2 Bg3 28.Rd2 h5 29.Ra3 hxg4 30.hxg4 Rh8
31.Rxf3 Rh1+ 32.Ke2 Be1 33.Rxd4 Bxb4 34.Ne3 Re1+ 35.Kf2 Rh8 36.Rd1 Rxe3 37.Kxe3 Rh2
38.Bb3 Kg5 39.Rb1 Bc5+ 40.Kd3 Kxg4 41.Bd1 Kg5 42.Rxb7 Be8 43.f6 gxf6 44.Rg7+ Kh6
45.Rgg3 a5 46.Rxf6+ Kh7 47.Rf8 Bg6 48.Bg4 Ra2 49.Rgf3 Ra3+ 50.Kd2 Ra2+ 51.Kc1 Ra1+
52.Kb2 Bd4+ 53.Kb3 Rb1+ 54.Ka2 Ra1+ 55.Kb3 Rb1+ 56.Ka2  1/2-1/2

[Event "Hamburg ch"]
[Site "Hamburg"]
[Date "1997.??.??"]
[Round "9"]
[White "Fries Nielsen, Jens Ove"]
[Black "Meyer, Falko"]
[Result "1/2-1/2"]
[WhiteElo "2415"]
[BlackElo "2290"]

1.d4 Nf6 2.Bg5 d5 3.Bxf6 exf6 4.e3 c6 5.c4 Qb6 6.Qc2 dxc4 7.Bxc4 Be6 8.Bxe6 fxe6
9.Nf3 Qa6 10.Nc3 Nd7 11.Qe2 Qxe2+ 12.Kxe2 Kf7 13.Rhd1 Bb4 14.Rac1 Rhd8 15.a3 Bxc3
16.Rxc3 Nb6 17.Rdc1 Nc8 18.Nd2 Nd6 19.Nb3 Re8 20.Rd3 Rac8 21.f3 Re7 22.Na5 Rec7
23.Rdc3 Ke7 24.a4 Kd7 25.b4 b6 26.Nb3 Nf7 27.Rd3 Ke7 28.Rdc3 Kd7 29.Rd3  1/2-1/2

[Event "Hanham op"]
[Site "Hanham"]
[Date "1997.??.??"]
[Round "3"]
[White "Collier, David"]
[Black "Debbage, Ian A"]
[Result "1-0"]
[WhiteElo "2220"]
[BlackElo "2060"]

1.d4 d5 2.Bg5 Nf6 3.Bxf6 gxf6 4.e3 Bf5 5.c4 e6 6.Nc3 c6 7.Qb3 Qc7 8.Rc1 dxc4
9.Bxc4 Nd7 10.e4 Bg6 11.Nge2 Bh6 12.Rd1 Nb6 13.Bd3 O-O 14.Ng3 Rad8 15.Nce2 e5
16.h4 exd4 17.h5 Bxe4 18.Bxe4 c5 19.Qf3 Qe5 20.Qf5 Qxf5 21.Nxf5 Bg5 22.O-O Rfe8
23.Neg3 Bf4 24.Bxb7 d3 25.Ne4 Re5 26.Ned6 Na4 27.g3 Nxb2 28.gxf4 Rxf5 29.Nxf5 Nxd1
30.Rxd1 c4 31.Ba6  1-0

[Event "SWE-ch qualA"]
[Site "Haninge"]
[Date "1997.??.??"]
[Round "5"]
[White "Persson, Lars"]
[Black "Sundell, Bo"]
[Result "0-1"]
[WhiteElo "2125"]
[BlackElo "2195"]

1.d4 Nf6 2.Bg5 g6 3.Bxf6 exf6 4.e3 Bg7 5.Bd3 O-O 6.Ne2 b6 7.Be4 d5 8.Bf3 c6
9.Nd2 f5 10.Rc1 Re8 11.O-O g5 12.g3 Nd7 13.c4 Nf6 14.cxd5 cxd5 15.Bg2 Ne4
16.Nxe4 fxe4 17.Qa4 Be6 18.Rc3 b5 19.Qb3 Qd7 20.Rfc1 Rec8 21.Bf1 Bf8 22.Rxc8 Rxc8
23.Rxc8 Qxc8 24.Qxb5 Qc2 25.Qb3 Qb1 26.Nc3 Qc1 27.a3 h6 28.Ne2 Qb1 29.Qc3 Kg7
30.Qc1 Qa2 31.h3 Qb3 32.Qc3 Qd1 33.Qc1 Qb3 34.Kg2 h5 35.Qc3 Qd1 36.Qc1 Qb3
37.Qc3 Qb6 38.b4 h4 39.g4 Bd6 40.Qc2 Bb8 41.Qb3 Qd6 42.Qc2 Qh2+  0-1

[Event "SWE-ch"]
[Site "Haninge"]
[Date "1997.??.??"]
[Round "5"]
[White "Jepson, Christian"]
[Black "Rylander, Dennis"]
[Result "1/2-1/2"]
[WhiteElo "2380"]
[BlackElo "2100"]

1.d4 d5 2.Bg5 Nf6 3.Bxf6 exf6 4.e3 Bd6 5.c4 dxc4 6.Bxc4 O-O 7.Nc3 c6 8.Nf3 b5
9.Bb3 a5 10.Bc2 Re8 11.O-O g6 12.e4 b4 13.Na4 Ba6 14.Bd3 c5 15.Rc1 cxd4 16.Bxa6 Nxa6
17.Qxd4 Bf4 18.Qxd8 Raxd8 19.Rc4 Rc8 20.Rxc8 Rxc8 21.g3 Bh6 22.Rd1 Nc5 23.Nxc5 Rxc5
24.Ne1 Kf8 25.Kf1 f5 26.exf5 Rxf5 27.Ke2 Ke7 28.Nd3 Rh5 29.h4 Rd5 30.b3 Bg7
31.Nb2 Rxd1 32.Nxd1 Kd6 33.Ne3 Kc5 34.Nc2 Be5 35.Kd3 f5 36.Ne3 h5 37.Nc4 Bc7
38.f4 Kd5 39.Ne3+ Kc5 40.Nc4 Kd5 41.Ne3+ Kc5 42.Nc4 Kd5 43.Ke3 Bd8 44.Ne5 Bb6+
45.Ke2 Kd4 46.Kd2 Ke4 47.Ke2 Kd4 48.Kd2 Ke4 49.Ke2 Kd4 50.Kd2  1/2-1/2

[Event "JSM"]
[Site "Haninge"]
[Date "1997.??.??"]
[Round "13"]
[White "Schneider, Stefan"]
[Black "Backstrom, Mikael"]
[Result "1/2-1/2"]
[WhiteElo "2290"]
[BlackElo "2195"]

1.d4 Nf6 2.Bg5 d5 3.e3 e6 4.c4 Be7 5.Nc3 O-O 6.Nf3 Nbd7 7.Bd3 h6 8.Bh4 b6
9.cxd5 Nxd5 10.Bxe7 Qxe7 11.Nxd5 exd5 12.O-O c5 13.b3 Bb7 14.Qe2 Nf6 15.Rac1 Rfd8
16.Rfd1 Rac8 17.Qb2 Rc7 18.h3 Rdc8 19.Bf5 Re8 20.Bd3 Qe6 21.dxc5  1/2-1/2

[Event "Hanko We HangTS"]
[Site "Hanko"]
[Date "1997.??.??"]
[Round "3"]
[White "Tuominen, Risto"]
[Black "Sorri, Kari Juhani"]
[Result "0-1"]
[WhiteElo "2160"]
[BlackElo "2305"]

1.d4 d5 2.Bg5 Nf6 3.Bxf6 exf6 4.e3 Bd6 5.Bd3 f5 6.Qf3 g6 7.Ne2 c6 8.Nd2 Nd7
9.c4 Nf6 10.Nf4 Qa5 11.cxd5 cxd5 12.Qd1 Ne4 13.Bxe4 fxe4 14.O-O Bxf4 15.exf4 O-O
16.Re1 Qb6 17.Nb3 Qf6 18.g3 Bf5 19.Rc1 Rac8 20.Qd2 Bh3 21.Qe3 Bg4 22.Nd2 Qb6
23.Nb3 Qf6 24.Nd2 a5 25.Kg2 Qe6 26.Rc3 Rxc3 27.bxc3 Bh3+ 28.Kg1 b5 29.Nb3 b4
30.Nc5 Qf5 31.cxb4 axb4 32.Qb3 Ra8 33.Na4 Qh5 34.Re3 Bg4 35.Nb6 Rd8 36.h4 Be6
37.Qxb4 Rb8 38.Qd6 Rb7 39.Ra3 Kg7 40.f3 exf3 41.Ra8 f2+ 42.Kxf2 Qd1 43.Qe5+ Kh6
44.Rg8 Qd2+ 45.Kg1 Qc1+ 46.Kh2 Qb2+ 47.Kh1 Qb1+ 48.Kh2 Qc2+ 49.Kg1 Qf5 50.Qxf5 gxf5
51.Na4 Rb4 52.Nc5 Rxd4 53.Re8 Kh5  0-1

[Event "Heart of Finland op"]
[Site "?"]
[Date "1997.??.??"]
[Round "7"]
[White "Hintikka, Eero"]
[Black "Nevanlinna, Risto"]
[Result "1-0"]
[WhiteElo "2155"]
[BlackElo "2285"]

1.d4 Nf6 2.Bg5 d5 3.Bxf6 exf6 4.e3 c6 5.c4 Be6 6.cxd5 Qxd5 7.Nc3 Qa5 8.a3 f5
9.Bd3 Be7 10.Ne2 O-O 11.Nf4 Bc8 12.Qf3 Nd7 13.g4 fxg4 14.Qe4 Nf6 15.Qxe7 Re8
16.Qc5 Qd8 17.O-O-O Bd7 18.Rdg1 b6 19.Qd6 Re7 20.Nfe2 Nh5 21.h3 gxh3 22.Qh6  1-0

[Event "Hessenliga9798"]
[Site "Hessen"]
[Date "1997.??.??"]
[Round "?.5"]
[White "Weil, Volker"]
[Black "Kribben, Johannes"]
[Result "1-0"]
[WhiteElo "2235"]
[BlackElo "2230"]

1.d4 d5 2.Bg5 Nf6 3.Bxf6 exf6 4.c4 dxc4 5.e3 Be6 6.Ne2 c6 7.Nf4 Bb4+ 8.Nc3 Qa5
9.Qc2 b5 10.Be2 Bxc3+ 11.bxc3 Nd7 12.Bf3 Bf5 13.e4 Bg6 14.h4 Qc7 15.g3 h6
16.a4 Rb8 17.axb5 cxb5 18.Qa2 Nb6 19.Qa3 Na4 20.Nd5 Qd7 21.O-O h5 22.Rfe1 Kd8
23.e5 f5 24.Nf4 Re8 25.e6 Qe7 26.Qc1 Qf6 27.Nd5 Rxe6 28.Nxf6 Rxf6 29.Qa3 Rb7
30.Qf8+ Kc7 31.Qe7+ Kb6 32.Qxb7+ Ka5 33.Rxa4+ Kxa4 34.Ra1+ Kb3 35.Qxb5+ Kc2
36.Qb1+ Kd2  1-0

[Event "Hessenliga9798"]
[Site "Hessen"]
[Date "1997.??.??"]
[Round "?.2"]
[White "Deuster, Heinz Juergen"]
[Black "Treffert, Peter"]
[Result "0-1"]
[WhiteElo "2195"]
[BlackElo "2335"]

1.d4 d5 2.Bg5 Nf6 3.Bxf6 gxf6 4.e3 Bf5 5.c4 c6 6.Nc3 e6 7.cxd5 cxd5 8.Qb3 Nd7
9.Nge2 Bd3 10.Rc1 Qb6 11.Qxb6 Nxb6 12.Nf4 Bxf1 13.Kxf1 a6 14.Ke2 Bd6 15.Nd3 f5
16.g3 Rc8 17.Nc5 Bxc5 18.dxc5 Rxc5 19.Na4 Nxa4 20.Rxc5 Nxc5 21.Rc1 b6 22.b4 Nb7
23.Rc6 b5 24.Rb6 Nd8 25.Rxa6 Kd7 26.Rb6 Nc6 27.Rxb5 Ra8 28.Rb7+ Kd6 29.b5 Rxa2+
30.Kf1 Nd8 31.Rb6+ Kc7 32.Ra6 Rxa6  0-1

[Event "Hessenliga9798"]
[Site "Hessen"]
[Date "1997.??.??"]
[Round "?.6"]
[White "Weil, Volker"]
[Black "Voss, Edgar"]
[Result "1-0"]
[WhiteElo "2235"]
[BlackElo "2110"]

1.d4 Nf6 2.Bg5 c5 3.Nc3 Qa5 4.Bxf6 gxf6 5.d5 b5 6.Qd2 d6 7.e3 a6 8.Nge2 h5
9.Nf4 h4 10.Be2 Nd7 11.O-O Ne5 12.Kh1 Bh6 13.f3 Bd7 14.a3 Qb6 15.Ne4 Rb8
16.b3 Bf5 17.Nf2 Rc8 18.c3 c4 19.b4 Bxf4 20.exf4 Ng6 21.Rae1 Kd7 22.Bd1 Rh5
23.Ne4 a5 24.Bc2 axb4 25.axb4 Qb7 26.Ra1 Ra8 27.h3 Bxe4 28.fxe4 Rhh8 29.Rxa8 Rxa8
30.e5 fxe5 31.Bxg6 fxg6 32.fxe5 dxe5 33.Qe2 Qxd5 34.Rd1  1-0

[Event "HUN-chT2 9798"]
[Site "HUN"]
[Date "1997.??.??"]
[Round "?"]
[White "Galyas, Miklos"]
[Black "Besztercsenyi, Tibor"]
[Result "1-0"]
[WhiteElo "2265"]
[BlackElo "2305"]

1.d4 Nf6 2.Bg5 d5 3.e3 Nbd7 4.Nf3 e6 5.Nbd2 Be7 6.Bd3 h6 7.Bh4 O-O 8.O-O b6
9.c3 Bb7 10.Qc2 c5 11.Rae1 Rc8 12.Ne5 Nxe5 13.dxe5 Ng4 14.Bg3 f6 15.exf6 Nxf6
16.Nf3 Bd6 17.Ne5 Nh5 18.Bh7+ Kh8 19.Ng6+ Kxh7 20.Nxf8+  1-0

[Event "HUN-chT2 9798"]
[Site "HUN"]
[Date "1997.??.??"]
[Round "?"]
[White "Galyas, Miklos"]
[Black "Paszler, Jozsef"]
[Result "1-0"]
[WhiteElo "2265"]
[BlackElo "2280"]

1.d4 Nf6 2.Bg5 c5 3.d5 h6 4.Bxf6 exf6 5.Nc3 d6 6.e4 Be7 7.Bd3 a6 8.a4 O-O
9.Nge2 Nd7 10.Ng3 Ne5 11.O-O Bd7 12.Be2 Qc8 13.f4 Ng4 14.Qd2 f5 15.h3 Nf6
16.e5 Ne8 17.Bf3 Nc7 18.Rae1 Rb8 19.a5 b5 20.axb6 Rxb6 21.e6 fxe6 22.dxe6 Be8
23.b3 Rb4 24.Nge2 Kh8 25.Nd5 Nxd5 26.Bxd5 Bb5 27.c3 Bxe2 28.Rxe2 Rb6 29.Rf3 a5
30.g4 fxg4 31.hxg4 c4 32.Bxc4 a4 33.Qd5 axb3 34.Bxb3 Qa6 35.Ra2 Qc8 36.Bc2 Qc5+
37.Qxc5 dxc5 38.f5 Rb7 39.Be4 Rc7 40.c4 Bf6 41.Rfa3 Rfc8 42.Ra8 Rxa8 43.Rxa8+ Kh7
44.Rf8 h5 45.g5  1-0